000 01051nam a2200253Ia 4500
003 OSt
005 20211118125057.0
008 210310s1962 sudac gr 000 0 spa d
040 _aCO-JMCR
_cCO-JMCR
041 0 _aspa
082 0 4 _a918 /
_bG679i
_223
100 1 _aGosselman, Carl August
_eautor
_929092
245 0 _aInformes sobre los estados Sudamericanos en los años de 1837 y 1838 /
_cCarl August Gosselman ; traducción del Sueco por Ernesto Dethorey
260 _aEstocolmo :
_bHijos de F. Armengton,
_c1962.
300 _a172 páginas :
_bilustraciones, laminas y mapas en blanco y negro ;
_c23 cm.
490 0 _aBiblioteca e Instituto de Estudios Ibero-Americanos de la Escuela de Ciencias Económicas, Estocolmo, Suecia
500 _aIncluye índices de laminas, notas a pie de página.
505 0 _aInformes sobre los estados sudamericanos.
650 1 4 _aEstados sudamericanos
_941596
650 2 4 _aHistoria económica
_941597
650 2 4 _aComercio
_95339
700 1 _aDethorey, Ernesto
_etraductor
_941598
942 _2ddc
_cBK
999 _c12742
_d12742